000 00400pab a2200169 454500
008 180718b2000 xxu||||| |||| 00| 0 eng d
100 _aSathe, Vasant
245 _aCrisis of confidence
260 _c2000
300 _ap.12-13
362 _a27 May
650 _aCongress party
650 _aPolitical parties - India
650 _aPolitical parties
773 _aYoung Indian
909 _a44897
999 _c44897
_d44897